| 000 | 00739nam a2200229Ia 4500 | ||
|---|---|---|---|
| 003 | OSt | ||
| 005 | 20250305152034.0 | ||
| 008 | 210210b2004 xxu||||| |||| 00| 0 eng d | ||
| 040 | _cAL | ||
| 041 | _aTulu | ||
| 082 | _aT894.1 VIVP | ||
| 100 |
_aVIVEKA (Rai B A) _9142815 _dವಿವೇಕ ರೈ (ಬಿ ಎ) |
||
| 245 |
_aPuttubalakeya paddanagalu _bಪುಟ್ಡುಬಳಕೆಯ ಪಾಡ್ದನಗಳು |
||
| 260 |
_aMamgalagamgothri _bShri Dharmasthala Manjunatheshvara Tulupitha _c2004 |
||
| 300 | _a298 | ||
| 650 |
_aPuttubaLakeya _9142816 |
||
| 650 |
_apADdanagaLu _9142817 |
||
| 690 |
_aTulu Poetry _9142818 |
||
| 700 |
_aYADUPAOTI GOVDA _9142819 _dಯದುಪತಿ ಗೌಡ |
||
| 906 | _a064672 | ||
| 942 |
_2ddc _cBK |
||
| 999 |
_c142837 _d142837 |
||